|
|
|
|
| LEADER |
00000cam a2200000 7i4500 |
| 001 |
0000088921 |
| 005 |
20191016093000.0 |
| 008 |
150910s2010 tu eng |
| 020 |
|
|
|a 9754320241
|
| 020 |
|
|
|a 9789754320241
|
| 020 |
|
|
|a 9789754320244
|
| 050 |
0 |
0 |
|a BP253
|b .S85 2010
|
| 090 |
0 |
0 |
|a BP253
|b .S85 2010
|
| 100 |
0 |
|
|a Sukran Vahide ,
|e author
|
| 245 |
0 |
0 |
|a Bediuzzaman Said Nursi
|c Sukran Vahide
|
| 260 |
|
|
|a Istanbul, Turkey :
|b Sozler Publications ,
|c c2010
|
| 300 |
|
|
|a 422 p. ;
|c 24 cm.
|
| 490 |
1 |
|
|a The Author of The Risale-i Nur Collection, 5
|
| 501 |
|
|
|a En el lomo : 5
|
| 501 |
|
|
|a Includes index
|
| 650 |
|
0 |
|a Islam
|z Turkey
|
| 999 |
|
|
|a 1000165177
|b Book
|c OPEN SHELF (30 DAYS)
|e Gong Badak Campus
|